Algunos trabajos matemáticos de D. Francisco Feliu y Vegués / (Record no. 62362)

MARC details
000 -LEADER
campo de control de longitud fija 00692nam a2200157 i 4500
001 - NÚMERO DE CONTROL
campo de control 62362
003 - IDENTIFICADOR DE NÚMERO DE CONTROL
campo de control ES-MaACL
005 - FECHA Y HORA DE LA ÚLTIMA TRANSACCIÓN
campo de control 20230906164643.0
007 - CAMPO FIJO DE DESCRIPCIÓN FÍSICA--INFORMACIÓN GENERAL
campo de control de longitud fija t|
008 - DATOS DE LONGITUD FIJA--INFORMACIÓN GENERAL
campo de control de longitud fija 031120q1905 sp ||||1| spa d
100 1# - ENTRADA PRINCIPAL--NOMBRE DE PERSONA
Nombre de persona Feliu y Vegués, Francisco.
9 (RLIN) 49207
245 10 - MENCIÓN DEL TÍTULO
Título Algunos trabajos matemáticos de D. Francisco Feliu y Vegués /
Mención de responsabilidad, etc. Edición publicada por sus discípulos.
260 ## - PUBLICACIÓN, DISTRIBUCIÓN, ETC.
Lugar de publicación, distribución, etc. Barcelona :
Nombre del editor, distribuidor, etc. Seix Barral,
Fecha de publicación, distribución, etc. [1905]
505 8# - NOTA DE CONTENIDO CON FORMATO
Nota de contenido con formato Contiene: I: Resumen histórico de las matemáticas. -- II: Teoría de las probabilidades. -- III: Memoria sobre las fuerzas centrales. -- IV: Expresiones imaginarias. -- V: Cálculo del interés. -- vi: Tiempo : su medida
852 ## - LOCALIZACIÓN
Ubicación ES-MaACL
Número de control de estantería T-1161-F-1
Holdings
Estatus retirado Estado de pérdida Estado de daño No para préstamo Colección Biblioteca de origen Biblioteca actual Ubicación en estantería Fecha de adquisición Fuente de adquisición Total de préstamos Signatura topográfica completa Código de barras Visto por última vez Precio de reemplazo Tipo de ítem Koha
        Colección de folletos Biblioteca del Ateneo de Madrid Biblioteca del Ateneo de Madrid Depósito folletos 17/01/2008     T-1161-F-1 1065379 23/02/2023 23/02/2023 Folleto